| 000 | 05134nam a22004817a 4500 | ||
|---|---|---|---|
| 005 | 20100916163240.0 | ||
| 010 | _aHIN-90506 B-432985-3002 | ||
| 020 |
_c425.00 _a9789380146768 |
||
| 035 | _aHN-62852 | ||
| 035 | _aB-432985-3002 | ||
| 037 | _bDBAD / PUB | ||
| 037 | _bबल्यू बैरी | ||
| 082 | _a808.883 | ||
| 100 |
_aशाह, रमेशचन्र्द _929576 |
||
| 245 |
_aइस खिड़की से / _cरमेशचन्र्द शाह |
||
| 246 |
_aIs Khidki Se _hby Sirshree |
||
| 260 |
_aनई दिल्ली _bकिताबघर प्रकाशन _c2010 |
||
| 270 |
_a4855-56/24, अंसारी रोड़, दरियागंज _bनई दिल्ली _e110002 |
||
| 300 |
_a278पृ. _c22सेमी (सजिल्द) |
||
| 700 | _920179 | ||
| 700 | _920333 | ||
| 942 |
_2ddc _cHN _h808.883 _mशाहर |
||
| 999 |
_c46333 _d46333 |
||